Justin Bieber - Une lettre, une chanson - Statistiques

Statistiques générales
  • Ce quiz a été pris 372 fois
  • Le résultat moyen est 10 sur 24
Statistiques - réponses
Lettres Chansons % Correct
B Baby / Backpack / Bad Day / Be Alright / Beauty and a Beat / Beautiful Love (Free Fire) / Been You / Believe / Boyfriend / Butterflies
98%
S Santa Claus Is Coming to Town / Second Emotion / She Don't Like the Lights / Silent Night / Somebody / Somebody To Love / Someday at Christmas / Sorry / Soulful / Standing on Business / Stuck In The Moment / Swag / Swap It Out / Sweet Spot
76%
L Life Is Worth Living / Lifetime / Lonely / Loved by You / Love Me Like You Do / Love You Different / Love Yourself
73%
W Walking Away / Way It Is / We Are / We're in This Together / What Do You Mean? / What's Hatnin / Where Are Ü Now / Where Do I Fit In / Where You Go I Follow / Wish You Would
70%
P Peaches / Pray / Purpose / PYD
63%
C Catching Feelings / Change Me / Changes / Children / Christmas Eve / Christmas Love / The Christmas Song / Come Around Me / Company / Confident / Confirmation
61%
A Afraid to Say / All Around Me / All around the world / All Bad / All I Can Take / All in It / All I Want for Christmas Is You / All I Want Is You / All She Wrote / All That Matters / Angels Speak / Anyone / As I Am / As Long as You Love Me / At Least For Now / Available
55%
Y Yukon / Yummy
49%
H Habitual / Hailey / Heartbreaker / Hold On / Hold Tight / Holy / Home This Christmas / Honest
48%
M Maria / Mark My Words / Memphis / Mistletoe / MLK Interlude King
48%
O Off My Face / One Life / One Love / One Time / Only Thing I Ever Get for Christmas / Out Of Town Girl / Overboard
48%
F Fairytale / Fa La La / Fall / The Feeling / First Place / Flatline / Forever / Forgiveness / Freedom / Friends
47%
G Get Me / Get Used to It / Ghost / Glory Voice Memo / Go Baby
46%
D Dadz Love / Daisies / Deserve You / Devotion / Die for You / Die in Your Arms / Drummer Boy
39%
E Eenie Meenie / E.T.A.
36%
T Take It Out On Me / Take You / That Should Be Me / That's What Love Is / Therapy Session / There She Go / Things You Do / Thought of You / Too Long / Trust / Turn to You (Mother's Day Dedication)
36%
U Unstable / Up The Messengers / U Smile
29%
R Recovery / Red Eye / Right Here / Rockin' Around the Christmas Tree / Roller Coaster / Runaway Love / Running Over
28%
I I Can't Be Myself / I Feel Funny / I'll Show You / Intentions
27%
N Name / Never Let You Go / No Pressure / No Sense
26%
Chiffres 2 Much / 405
14%
Z Zuma House
7%
J Just Like Them
3%
K Know No Better
3%
Aucun quiz correspondant
Distribution des résultats
% des personnes avec chaque résultat
Percentile par nombre de réponses
Votre historique - résultats
Vous n’avez pas pris ce quiz